000
00293nam a2200121Ia 4500
008
230907s9999||||xx |||||||||||||| ||und||
082
_a
624.171
_b
KAS
100
_a
kassimali, Aslam.
245
0
_a
Structural analysis/
260
_a
Cengage:
_b
UK;
_c
2011
300
_a
xvi, 873p.:
942
_c
BK
999
_c
598002
_d
598002